Những khó khăn tâm lý trong hoạt động học tập của học sinh trường THCS Lê Ngọc Giá, Điện Bàn - Quảng Nam

Nghiên cứu cơ sở lý luận của khó khăn tâm lý trong hoạt động học tập của học sinh. Nghiên cứu thực trạng khó khăn tâm lý trong hoạt động học tập của học sinh THCS. Đề xuất biện pháp giúp học sinh THCS vượt qua khó khăn tâm lý trong hoạt động học tập....

Celý popis

Uloženo v:
Podrobná bibliografie
Hlavní autor: Văn Thị Nhân
Další autoři: Bùi Thị Thanh Diệu (Hướng dẫn)
Médium: Kniha
Jazyk:Vietnamese
Vydáno: Đà Nẵng Đại học Sư phạm, Đại học Đà Nẵng 2013
Témata:
Tagy: Přidat tag
Žádné tagy, Buďte první, kdo otaguje tento záznam!
Thư viện lưu trữ: Mạng thư viện Đại học Đà Nẵng
LEADER 02128nam a2200385 4500
001 000018516
003 14948
005 20131115101128.0
008 131115s2013 viesd
041 |a vie 
082 1 4 |a 370.153  |b VĂ-N 
100 1 |a Văn Thị Nhân 
245 1 6 |a Những khó khăn tâm lý trong hoạt động học tập của học sinh trường THCS Lê Ngọc Giá, Điện Bàn - Quảng Nam  |c Văn Thị Nhân ; Bùi Thị Thanh Diệu hướng dẫn  |k Khóa luận tốt nghiệp 
246 |a Những khó khăn tâm lí trong hoạt động học tập của học sinh trường THCS Lê Ngọc Giá, Điện Bàn - Quảng Nam 
260 |a Đà Nẵng  |b Đại học Sư phạm, Đại học Đà Nẵng  |c 2013 
300 |a 60 tr.  |b mh.  |c 29 cm.  |e Bản tóm tắt 
500 |a Khóa luận tốt nghiệp đại học. Chuyên ngành: Cử nhân Tâm lý 
504 |a Mục lục đầu trang, tài liệu tham khảo tr. 73 - 74, phụ lục [13 tr.] 
520 |a Nghiên cứu cơ sở lý luận của khó khăn tâm lý trong hoạt động học tập của học sinh. Nghiên cứu thực trạng khó khăn tâm lý trong hoạt động học tập của học sinh THCS. Đề xuất biện pháp giúp học sinh THCS vượt qua khó khăn tâm lý trong hoạt động học tập. 
600 1 4 |b Vua  |c Đinh Tiên Hoàng 
650 0 4 |a Tâm lý học sinh  |v Khóa luận tốt nghiệp  |x Nghiên cứu  |z Quảng Nam (Điện Bàn) 
653 |a Khoa Tâm lý - Giáo dục 
653 |a Tâm lý học sinh 
653 |a Tâm lí học tập 
700 1 |a Bùi Thị Thanh Diệu  |e Hướng dẫn 
OWN |a LSP 
AVA |a UDN50  |b LSP  |d 370.153 VĂ-N  |e available  |t Error 5001 Not defined in file expand_doc_bib_avail.  |f 1  |g 0  |h N  |i 0  |k 1 
999 |a From the UDN01 
AVA |a UDN50  |b LSP  |d 370.153 VĂ-N  |e available  |t Error 5001 Not defined in file expand_doc_bib_avail.  |f 1  |g 0  |h N  |i 0  |k 1 
TYP |a Monograph 
TYP |a Printed language 
980 |a Mạng thư viện Đại học Đà Nẵng